{"text_format":"3","workbook":"xlsx","n_sheets":2,"sheets":["1","Лист1"],"not_rendered":{"defined_names":1},"read":"whole","date_system":"1900"}

{"sheet":"1","index":0,"n_rows":66,"n_cols":19,"rows_kept":66,"merged":[[5,0,5,17],[7,0,9,0],[7,1,9,1],[7,2,9,2],[7,3,9,3],[7,4,9,4],[7,5,7,6],[7,7,7,8],[7,9,7,17],[8,5,9,5],[8,6,9,6],[8,7,9,7],[8,8,9,8],[8,9,8,14],[8,15,8,17],[32,0,34,0],[32,1,34,1],[32,5,34,5],[32,6,34,6],[37,0,39,0],[37,1,39,1],[37,5,39,5],[37,6,39,6],[48,0,50,0],[48,1,50,1],[48,2,50,2],[48,5,50,5],[48,6,50,6],[58,0,58,17],[83,12,83,13],[85,12,85,13],[86,12,86,13]]}
["Приложение 1 к Документации Процедуры закупки № з-13-50104/65"]
[]
["Форма \"Предложение о цене Договора\""]
[]
["Приложение № ___ к Заявке"]
["Предложение о цене Договора с графиком финансирования"]
[]
["№ п/п","Этап","Наименование работ\n (согласно приложению 2 настоящего Договора)","Ед. изм.","Объем","Начальная (максимальная) цена Заказчика",null,"Предложение Участника Процедуры закупки",null,"Стоимость работ с НДС, тыс. руб.",{"$nulls":8},"\n"]
[{"$nulls":5},"Цена за ед., с НДС, тыс. руб.","Стоимость с НДС, тыс. руб.","Цена за ед., с НДС, тыс. руб.","Стоимость с НДС, тыс. руб.","2013 г.",{"$nulls":5},"2014 г."]
[{"$nulls":9},"июль","август","сентябрь","октябрь","ноябрь","декабрь","январь","февраль","март"]
[1,2,3,4,5,6,7,8,9,10,11,12,13,14,15,16,17,18]
["1",null,"ДОЖДЕВАЯ  КАНАЛИЗАЦИЯ",{"$nulls":3},{"v":526434.51,"d":"526,434.51"}]
["1.1.","5-ый","Прокладка труб полипропиленовых \"Корсис Про\" Ф500/427(L=2033,5м), Ф630/535 (L=738м.), Ф800/678 (L=429м.), Ф1000/851 (L=458м.), Ф1200/1030 (L=657м.), Ф1366/1200 (L=502,5м.), Ф2222/2000 (L=126м.)","м",{"v":4944,"d":"4,944.00"},60.19,{"v":297579.36,"d":"297,579.36"}]
["1.2.","6-ой","Наружные сети дождевой канализации. Технологическая часть","м",{"v":2528,"d":"2,528.00"},55.67,{"v":140733.76,"d":"140,733.76"}]
["1.3.","6-ой","Наружные сети дождевой канализации. Конструкторская часть","объект",{"v":1,"d":"1.00"},{"v":15601.05,"d":"15,601.05"},{"v":15601.05,"d":"15,601.05"}]
["1.4.","6-ой","Буросекущиеся сваи","объект",{"v":1,"d":"1.00"},{"v":69760.42,"d":"69,760.42"},{"v":69760.42,"d":"69,760.42"}]
["1.5.","6-ой","Открытый водоотлив","объект",{"v":1,"d":"1.00"},{"v":2759.92,"d":"2,759.92"},{"v":2759.92,"d":"2,759.92"}]
["2",null,"ВОДОПРОВОД",{"$nulls":3},{"v":140971.83,"d":"140,971.83"}]
["2.1.","5-ый","Прокладка труб чугунных Ф200(L=210м.), Ф250 (L=1780м.), Ф300 (L=1615м.), Ф400 (L=805м.), Ф500 (L=645м.) в том числе оборудование","м",{"v":5055,"d":"5,055.00"},20.05,{"v":101352.75,"d":"101,352.75"}]
["2.2.","6-ый","Наружные сети водоснабжения","м",{"v":1977,"d":"1,977.00"},20.04,{"v":39619.08,"d":"39,619.08"}]
["3",null,"КАНАЛИЗАЦИЯ",{"$nulls":3},{"v":749784.6,"d":"749,784.60"}]
["3.1.","5-ый","Прокладка труб чугунных ВЧШГ Ф200(L=2200м.), Ф300 (L=615м.), Ф400 (L=930м., в.т.ч. микротон-нель из ж/б труб AVN 800 L= 400м.), Ф500 (L=40м.), Ф700 (L=270м., в.т.ч. микротоннель AVN1200 L=100м), Ф800 (L=1650м.), напорные трубы 2х400 (L=2х300) и 2х600 (L=2х2000)","м",{"v":10305,"d":"10,305.00"},59.72,{"v":615414.6,"d":"615,414.60"}]
["3.2.","6-ый","Наружные сети канализации","м",{"v":2250,"d":"2,250.00"},59.72,{"v":134370,"d":"134,370.00"}]
["4",null,"ТЕПЛОВАЯ  СЕТЬ",{"$nulls":3},{"v":42942.91,"d":"42,942.91"}]
["4.1.","5-ый","Подземная прокладка теплопроводов в ППУ изоляции 2Ф273 L=219м, 2Ф219 L=267м., 2Ф159 L=416,5м., прокладка в канале: 2Ф159 L=43м., 2Ф133 L=12м., 2Ф108 L=382,5м., 2Ф57 L=308,5м. Узлы врезок 23шт., задвижки A 159 = 6шт., Ф133 = 2шт., Ф80 = 8шт., Ф40 = 4шт., Ф57 = 14шт., Ф32 = 10шт. Водовыпуск Ф200 L=89.5м.    в том числе оборудование","м",{"v":1737.5,"d":"1,737.50"},12.73,{"v":22118.38,"d":"22,118.38"}]
["4.2.","6-ый","Тепловые сети","м",{"v":1625,"d":"1,625.00"},12.73,{"v":20686.25,"d":"20,686.25"}]
["4.3.","6-ый","Дистанционный контроль ППУ изоляции","объект",{"v":1,"d":"1.00"},138.28,138.28]
["5",null,"СЕТИ  СВЯЗИ.",{"$nulls":3},{"v":19386,"d":"19,386.00"}]
["5.1.","5-ый","1отв. L=300м, 6отв. L=300м., 9отв. L=1210м., 24отв. L=2510м.","м",{"v":4320,"d":"4,320.00"},{"v":0.4,"d":"0.40"},{"v":1728,"d":"1,728.00"}]
["5.2.","6-ый","Сети связи","м",{"v":39240,"d":"39,240.00"},0.45,{"v":17658,"d":"17,658.00"}]
["6",null,"НАРУЖНОЕ  ОСВЕЩЕНИЕ.",{"$nulls":3},{"v":87519.6,"d":"87,519.60"}]
["6.1.","5-ый","Установка фланцевых опор НФГ-9-2-ц ., светильник ДКУ02-240-07  и ДКУ02-120-03 . Кабель марки ВБбШв ","шт",{"v":706,"d":"706.00"},104.19,{"v":73558.14,"d":"73,558.14"}]
["6.2.","6-ой","Наружное электроосвещение\nопоры металлические","шт",{"v":67,"d":"67.00"},69.46,{"v":13961.46,"d":"13,961.46"}]
[null,null,"Наружное электроосвещение\nсветильник консольный","шт",{"v":134,"d":"134.00"}]
[null,null,"Наружное электроосвещение\nкабель в траншее ВБбШВ-1 кВ 4х25","м",{"v":2500,"d":"2,500.00"}]
["7",null,"ДОРОГА.",{"$nulls":3},{"v":552053.61,"d":"552,053.61"}]
["7.1.","5-ый","L= 6,3км.","км",{"v":6.3,"d":"6.30"},{"v":54106.03,"d":"54,106.03"},{"v":340867.99,"d":"340,867.99"}]
["7.2.","6-ой","Автомобильная дорога","м2",{"v":18430,"d":"18,430.00"},6.17,{"v":210582.1,"d":"210,582.10"}]
[null,null,"Велодорожка","м2",{"v":5900,"d":"5,900.00"}]
[null,null,"Тротуар","м2",{"v":9800,"d":"9,800.00"}]
["7.3.","6-ый","Дорожная разметка","объект",{"v":1,"d":"1.00"},327.02,327.02]
["7.4.","6-ый","Мероприятия для маломобильных групп","объект",{"v":1,"d":"1.00"},{"v":276.5,"d":"276.50"},{"v":276.5,"d":"276.50"}]
["8",null,"ОРГАНИЗАЦИЯ  ДОРОЖНОГО  ДВИЖЕНИЯ",{"$nulls":3},919.74]
["8.1.","5-ый","Устройство продольной разметки , устройство поперечной разметки , установка знаков , ограждения .","км",{"v":6.3,"d":"6.30"},145.99,919.74]
["9",null,"ДЕНДРОЛОГИЯ",{"$nulls":3},590.36]
["9.1.","5-ый","Вырубка (1101 деревьев и 1033 кустарников, в том числе: сохранить 515 деревьев и 1 кустарник, вырубить 586 деревьев и 1032 куст. (421 дерево - за компенсацию). Расчёт без учёта компенсацион-ной стоимости за зелёные насаждения).","шт",{"v":1618,"d":"1,618.00"},0.28,453.04]
["9.2.","6-ый","Вырубка и пересадка зеленых насаждений","объект",{"v":1,"d":"1.00"},137.32,137.32]
["9",null,"ОЗЕЛЕНЕНИЕ",{"$nulls":3},{"v":10192,"d":"10,192.00"}]
["9.1.","6-ой","Озеленение","м2",{"v":11750,"d":"11,750.00"},{"v":0.4,"d":"0.40"},{"v":10192,"d":"10,192.00"}]
[{"$nulls":3},"м2",{"v":13730,"d":"13,730.00"}]
[{"$nulls":3},"шт",{"v":390,"d":"390.00"}]
[null,null,"ИТОГО:",{"$nulls":3},{"v":2130795.16,"d":"2,130,795.16"}]
[null,"ГЭСН-81-05-01-2001 п.4.5.","Временные здания и сооружения 1,5%",{"$nulls":3},{"v":31854.33,"d":"31,854.33"}]
[null,"ГЭСН-81-05-02-2007 п.11.4","Зимнее удорожание 1,5%",{"$nulls":3},{"v":32332.14,"d":"32,332.14"}]
[null,"МДС81-35.2004 пр.8, п.9.9","Страхование объекта 1%",{"$nulls":3},{"v":21554.76,"d":"21,554.76"}]
[null,null,"Пуско-наладочные работы",{"$nulls":3},502.14]
[null,null,"ВСЕГО:",{"$nulls":3},{"v":2217038.54,"d":"2,217,038.54"}]
[]
["Примечания: \n - Расценки начальной (максимальной) цены даны справочно. \n - Расценки Участника Процедуры закупки не должны превышать соответствующие расценки начальной (максимальной) цены.\n - Для оценки критерия \"Обоснование (качество) расчёта стоимости с графиком финансирования\" Участник Процедуры закупки должен приложить сметные расчеты стоимости по каждому пункту данной таблицы.",{"$nulls":17},"\n\n\n\n"]
[]
[null,"______________(должность)",{"$nulls":10},"Главный Бухгалтер:"]
[]
[null,"________________________",{"$nulls":10},"________________________"]
[]
[null,"«___» ______________ 20__ г.",{"$nulls":10},"«___» ______________ 20__ г."]
[null,"М.П.",{"$nulls":10},"М.П."]

{"sheet":"Лист1","index":1,"n_rows":0,"n_cols":0,"rows_kept":0}